Systém pre zber environmentálnych dát s využitím mikrokontroléra
Uložené v:
| Hlavný autor: | |
|---|---|
| Ďalší autori: | |
| Médium: | Rukopis Kniha |
| Jazyk: | Slovak |
| Vydavateľské údaje: |
2025
|
| Predmet: | |
| On-line prístup: | http://is.stuba.sk/zp/portal_zp.pl?podrobnosti=180240 |
| Tagy: |
Žiadne tagy, Buďte prvý, kto otaguje tento záznam!
|
MARC
| LEADER | 00000ntm a22000003a 4500 | ||
|---|---|---|---|
| 001 | stuzp102211 | ||
| 003 | SK-STU | ||
| 005 | 20250628210544.6 | ||
| 007 | ta | ||
| 008 | 150427s2015----xo-----f-mn---000-0-slo-d | ||
| 040 | |a STU |b slo | ||
| 041 | 0 | |a slo | |
| 100 | 1 | |a Ivanova, Kateryna |u 066000 |4 aut |U MTF Materiálovotechnologická fakulta |T MTF Ústav aplikovanej informatiky, automatizácie a mechatroniky |X 123883 |U M6000 |Y 86 |7 123883 | |
| 242 | 0 | 1 | |a Microcontroller-based environmental data acquisition system |y eng |
| 245 | 1 | 0 | |a Systém pre zber environmentálnych dát s využitím mikrokontroléra |
| 260 | |c 2025 | ||
| 650 | 4 | |a MySQL |2 slo | |
| 650 | 4 | |a MQTT |2 slo | |
| 650 | 4 | |a IoT |2 slo | |
| 650 | 4 | |a Node-Red |2 slo | |
| 650 | 4 | |a M5Stack Basic |2 slo | |
| 650 | 4 | |a SHT30 |2 slo | |
| 650 | 4 | |a ENVIII |2 slo | |
| 650 | 4 | |a Node-Red |2 eng | |
| 650 | 4 | |a MySQL |2 eng | |
| 650 | 4 | |a MQTT |2 eng | |
| 650 | 4 | |a SHT30 |2 eng | |
| 650 | 4 | |a ENVIII |2 eng | |
| 650 | 4 | |a M5Stack Basic |2 eng | |
| 650 | 4 | |a IoT |2 eng | |
| 700 | 1 | |a Gašpar, Gabriel |u 066000 |k Z8 |4 ths |U MTF Materiálovotechnologická fakulta |T MTF Ústav aplikovanej informatiky, automatizácie a mechatroniky |X 44945 |U M6000 |Y 86 |7 A000044945 | |
| 856 | 4 | |u http://is.stuba.sk/zp/portal_zp.pl?podrobnosti=180240 | |
| 996 | |c M* BP-9937 |l MMSKP |s P |a 0 |w stuzp102211_0001 | ||